<?xml version="1.0" encoding="UTF-8"?>
<record
    xmlns:xsi="http://www.w3.org/2001/XMLSchema-instance"
    xsi:schemaLocation="http://www.loc.gov/MARC21/slim http://www.loc.gov/standards/marcxml/schema/MARC21slim.xsd"
    xmlns="http://www.loc.gov/MARC21/slim">

  <leader>00708nam a22001937a 4500</leader>
  <datafield tag="999" ind1=" " ind2=" ">
    <subfield code="c">177226</subfield>
    <subfield code="d">177226</subfield>
  </datafield>
  <controlfield tag="005">20210215115257.0</controlfield>
  <datafield tag="010" ind1=" " ind2=" ">
    <subfield code="a">UR-11035</subfield>
  </datafield>
  <datafield tag="020" ind1=" " ind2=" ">
    <subfield code="c">100.00</subfield>
    <subfield code="a">-</subfield>
  </datafield>
  <datafield tag="035" ind1=" " ind2=" ">
    <subfield code="a">U-9590</subfield>
  </datafield>
  <datafield tag="037" ind1=" " ind2=" ">
    <subfield code="b">DBAD/PUB</subfield>
  </datafield>
  <datafield tag="082" ind1=" " ind2=" ">
    <subfield code="a">841</subfield>
  </datafield>
  <datafield tag="100" ind1=" " ind2=" ">
    <subfield code="a">&#x633;&#x6A9;&#x646;&#x62F; &#x631; &#x639;&#x644;&#x6CC; &#x648; &#x62C;&#x62F; </subfield>
  </datafield>
  <datafield tag="245" ind1=" " ind2=" ">
    <subfield code="a">&#x62F; &#x627; &#x633;&#x62A;&#x627; &#x646;  &#x627; &#x631; &#x62A;&#x642;&#x627;&#x621; &#x67E;&#x631; &#x627; &#x64A;&#x6A9; &#x634;&#x6C1;&#x6A9;&#x627; &#x631; &#x646;&#x638;&#x645; &#x6A9;&#x627; &#x631; &#x648; &#x627; &#x646; &#x632; &#x646;&#x62F; &#x6AF;&#x6CC; </subfield>
    <subfield code="c">&#x633;&#x6A9;&#x646;&#x62F; &#x631; &#x639;&#x644;&#x6CC; &#x648; &#x62C;&#x62F;  </subfield>
  </datafield>
  <datafield tag="246" ind1=" " ind2=" ">
    <subfield code="b">Dastane Irtaqua Ek Shehkar Nazam Karwan-e-Zindagi  (Urdu)</subfield>
    <subfield code="a">by Sikander Ali Wajad</subfield>
  </datafield>
  <datafield tag="260" ind1=" " ind2=" ">
    <subfield code="a">Hyderabad </subfield>
    <subfield code="b">Ehteshamuddin Khurram</subfield>
    <subfield code="c">N.A.&#x621;</subfield>
  </datafield>
  <datafield tag="270" ind1=" " ind2=" ">
    <subfield code="a">11-3-855,New Mallepally,</subfield>
    <subfield code="b">Hyderabad T.S.</subfield>
    <subfield code="e">500001</subfield>
    <subfield code="l">-</subfield>
  </datafield>
  <datafield tag="300" ind1=" " ind2=" ">
    <subfield code="a">96 &#x635; </subfield>
    <subfield code="c">22 Cm(Hb)</subfield>
  </datafield>
  <datafield tag="942" ind1=" " ind2=" ">
    <subfield code="2">ddc</subfield>
    <subfield code="c">UR</subfield>
    <subfield code="h">841</subfield>
    <subfield code="m">&#x648; &#x62C; &#x62F; </subfield>
  </datafield>
  <datafield tag="952" ind1=" " ind2=" ">
    <subfield code="0">0</subfield>
    <subfield code="1">0</subfield>
    <subfield code="4">0</subfield>
    <subfield code="7">0</subfield>
    <subfield code="8">NFIC</subfield>
    <subfield code="a">DBAD</subfield>
    <subfield code="b">DBAD</subfield>
    <subfield code="d">2021-02-15</subfield>
    <subfield code="e">DBAD/PUB</subfield>
    <subfield code="g">100.00</subfield>
    <subfield code="l">0</subfield>
    <subfield code="o">841 &#x648; &#x62C; &#x62F;</subfield>
    <subfield code="p">U-9590</subfield>
    <subfield code="r">2021-02-15 00:00:00</subfield>
    <subfield code="t">1</subfield>
    <subfield code="v">100.00</subfield>
    <subfield code="w">2021-02-15</subfield>
    <subfield code="y">UR</subfield>
  </datafield>
</record>
